| 000 | 01311nam a22001697a 4500 | ||
|---|---|---|---|
| 003 | IT-RoPau | ||
| 005 | 20220918181220.0 | ||
| 008 | 140503b xxu||||| |||| 00| 0 eng d | ||
| 040 | _cIT-RoPau | ||
| 100 |
_aFarronato, Lina _923600 |
||
| 245 |
_aBuongiorno, Maria _bPrefazione di Tullio Goffi. In appendice preghiera di Giovanni Paolo II a Fatima. Illustrazioni di Maria Rosa Rusconi |
||
| 260 |
_aBarzanò (Como) _bCasa Edtrice MARNA srl _c1991 |
||
| 300 |
_a74 pp. _c21 cm |
||
| 490 | _aCollana "Sorgenti" - MARNA. 1° Edizione | ||
| 518 | _aIndice Nostra Madre Bellissima tra le donne Giocare davanti a Dio Nostra sorella Un sì difficile La serva del Signore Il viaggio Una visita di gioia Il canto dell'amore Una mamma in attesa Un grande amore in crisi Anche Cesare ubbidisce a Dio Il dramma dei senzatetto Madre di Dio Pace agli uonini amati da Dio Gli occhi che vedono oltre Chiudere gli occhi all'evidenza Una tragica fuga Tutta la terra è di Dio Vivere nel provvisorio Una bella famiglia La casa del Signore Una bravissima madre di famiglia La partenza del figlio Un pranzo di nozze Una madre nel dolore Donna, ecco tuo figlio! Gesù ha vinto la morte Madre della comunità dei credenti La Vita oltre oltre la vita Anche il tuo corpo vive Cammina con noi, Madre della speranza | ||
| 942 |
_2ddc _cBK |
||
| 999 |
_c104342 _d104342 |
||